Tennis players who won a grand slam (in single) - Statistiques

Statistiques générales
  • Ce quiz a été pris 77 fois
  • Le résultat moyen est 10 sur 18
Answers on the Grid
Answers color-coded by a green-red scale on the quiz's grid according to % correct below.
Roger Federer
David Ferrer
Yannick Noah
Lleyton Hewitt
Daniil Medvedev
Robin Söderling
Rafael Nadal
Kevin Anderson
Milos Raonic
Juan Martin del Potro
Pete Sampras
Stanislas Wawrinka
Mardy Fish
Boris Becker
Mats Wilander
Dominic Thiem
Alexander Zverev
Novak Djokovic
Nick Kyrgios
Gregor Dimitrov
Juan Carlos Ferrero
Casper Ruud
Andy Murray
Andrei Rublev
Gael Monfils
Marin Cilic
Richard Gasquet
Marat Safin
Andy Roddick
Björn Borg
 
Statistiques - réponses
Réponse % Correct
Roger Federer
97%
Rafael Nadal
85%
Yannick Noah
82%
Daniil Medvedev
74%
Stanislas Wawrinka
65%
Novak Djokovic
62%
Pete Sampras
62%
Juan Martin del Potro
56%
Björn Borg
53%
Dominic Thiem
53%
Andy Murray
50%
Marin Cilic
50%
Lleyton Hewitt
47%
Andy Roddick
44%
Boris Becker
41%
Juan Carlos Ferrero
41%
Marat Safin
38%
Mats Wilander
38%
Aucun quiz correspondant
Distribution des résultats
% des personnes avec chaque résultat
Percentile par nombre de réponses
Votre historique - résultats
Vous n’avez pas pris ce quiz